[Event "Titled Tue 24th Jun Early"]
[Site "chess.com INT"]
[Date "2025.06.24"]
[Round "9"]
[White "Beyer, Lorenz"]
[Black "Chen, Yidong"]
[Result "1-0"]
[WhiteTitle "CM"]
[WhiteElo "2226"]
[BlackElo "2074"]
[WhiteFideId "16245393"]
[BlackFideId "8607028"]
[EventDate "2025.06.24"]

1. d4 Nf6 2. Bf4 g6 3. e3 Bg7 4. h3 O-O 5. Nf3 b6 6. Be2 Bb7 7. O-O Re8 8. a4 a5
9. Na3 d6 10. Bh2 Nbd7 11. c3 e5 12. Rc1 Qe7 13. Nb5 Rac8 14. Qb3 e4 15. Nd2 g5
16. Na7 Ra8 17. Nb5 Rac8 18. Na7 Rb8 19. Nb5 Nf8 20. c4 Ne6 21. Qa3 h5 22. Nb3
Ba6 23. c5 dxc5 24. dxc5 Bxb5 25. Bxb5 Red8 26. cxb6 Qxa3 27. bxa3 Rxb6 28. Nxa5
c5 29. Nc6 Ra8 30. Ne7+ Kf8 31. Nf5 Bh8 32. Bd6+ Kg8 33. Bxc5 Rbb8 34. Be7 Nd5
35. Bd6 Rc8 36. Bc6 Nc3 37. Ne7+ Kh7 38. Rxc3 Bxc3 39. Bxe4+ Kh8 40. Nxc8 Rxc8
41. Rc1 Rd8 42. Be7 Rd7 43. Bb4 Be5 44. a5 Ra7 45. Bd5 1-0

[Event "Titled Tue 24th Jun Early"]
[Site "chess.com INT"]
[Date "2025.06.24"]
[Round "9"]
[White "Tekeyev, Zaur"]
[Black "Weisz, Bryan"]
[Result "1-0"]
[WhiteTitle "IM"]
[WhiteElo "2407"]
[BlackElo "2059"]
[WhiteFideId "4199731"]
[BlackFideId "30934133"]
[EventDate "2025.06.24"]

1. Nf3 d6 2. d4 g6 3. e4 Bg7 4. Bc4 Nf6 5. Qe2 O-O 6. e5 dxe5 7. dxe5 Nd5 8. h3
Nc6 9. O-O Nb6 10. Bb3 Nd4 11. Nxd4 Qxd4 12. Re1 Bf5 13. Nc3 Nd7 14. g4 Nxe5 15.
gxf5 Qh4 16. Kg2 gxf5 17. f4 Ng6 18. Qf2 Qf6 19. Nd5 Qc6 20. Kh2 e6 21. Ne3 Rad8
22. c3 Kh8 23. Ng2 Rd3 24. Be3 Rfd8 25. Bc2 R3d7 26. Rad1 Qa6 27. Rxd7 Rxd7 28.
a3 Qb5 29. Bd1 a5 30. Be2 Qxb2 31. h4 Qxc3 32. h5 Nf8 33. Rg1 Qxa3 34. Nh4 Qe7
35. Nf3 h6 36. Ne5 Bxe5 37. fxe5 Kh7 38. Qg3 Ng6 39. hxg6+ Kh8 40. Bxh6 fxg6 41.
Bg5 Qh7+ 42. Kg2 1-0

[Event "Titled Tue 24th Jun Early"]
[Site "chess.com INT"]
[Date "2025.06.24"]
[Round "9"]
[White "Bezuch, Martin"]
[Black "Mummana Venkata Ruthvik"]
[Result "0-1"]
[WhiteTitle "FM"]
[BlackTitle "CM"]
[WhiteElo "2238"]
[BlackElo "2237"]
[WhiteFideId "14906333"]
[BlackFideId "25697307"]
[EventDate "2025.06.24"]

1. Nf3 Nf6 2. g3 g6 3. Bg2 Bg7 4. O-O O-O 5. d3 d6 6. e4 Nc6 7. Re1 e5 8. b3 Ne8
9. Bb2 f5 10. exf5 Bxf5 11. Nh4 Bd7 12. Nd2 Qc8 13. Ne4 Bh3 14. Bh1 Nf6 15. Ng5
Bg4 16. Bf3 Bxf3 17. Ngxf3 Qh3 18. Ng5 Qd7 19. d4 exd4 20. Ne6 Rf7 21. Nxg7 Rxg7
22. Bxd4 Nxd4 23. Qxd4 Rf7 24. Rad1 a6 25. Nf3 h6 26. Nh4 g5 27. Ng2 Raf8 28.
Qd3 Ng4 29. f4 Qc6 30. Qg6+ Kh8 31. Qh5 Qc5+ 32. Ne3 Nxe3 33. Qg6 Nxd1+ 34. Kg2
Qf2+ 35. Kh3 Qxe1 36. Qxh6+ Rh7 0-1

[Event "Titled Tue 24th Jun Early"]
[Site "chess.com INT"]
[Date "2025.06.24"]
[Round "9"]
[White "Mohamed, Anees M"]
[Black "Verbova, Elena"]
[Result "1-0"]
[WhiteTitle "FM"]
[BlackTitle "WFM"]
[WhiteElo "2431"]
[BlackElo "2033"]
[WhiteFideId "35065815"]
[BlackFideId "14203677"]
[EventDate "2025.06.24"]

1. Nf3 Nf6 2. b3 e6 3. Bb2 b6 4. g3 Bb7 5. Bg2 Be7 6. O-O O-O 7. c4 c5 8. Nc3 d5
9. cxd5 exd5 10. d4 Nbd7 11. Rc1 Rc8 12. dxc5 bxc5 13. Nh4 Nb6 14. Nf5 Qd7 15.
Nxe7+ Qxe7 16. e3 Rfd8 17. Ne2 Ba6 18. Re1 Ne4 19. Nf4 f6 20. Qg4 Rc6 21. Nxd5
Nxd5 22. Qxe4 Re6 23. Qg4 Nb4 24. Red1 Nd3 25. Ba3 f5 26. Qa4 Nxc1 27. Rxc1 Red6
28. Bf3 Bb7 29. Qf4 Bxf3 30. Qxf3 Qe4 31. Qxe4 fxe4 32. Rxc5 Rd2 33. Rc7 Rxa2
34. Bc5 Rdd2 35. b4 Rxf2 36. Rc8+ Kf7 37. Rf8+ Ke6 38. Rxf2 Ra1+ 39. Kg2 a6 40.
Rd2 Re1 41. h4 h5 42. Rd6+ Ke5 43. Rxa6 Kf5 44. Bd4 g5 45. hxg5 Kg4 46. Rf6 Rb1
47. g6 Rxb4 48. g7 Rb8 49. Rf8 Rb2+ 1-0

[Event "Titled Tue 24th Jun Early"]
[Site "chess.com INT"]
[Date "2025.06.24"]
[Round "9"]
[White "Weerasekara, Dishal Nimsara"]
[Black "Souleidis, Georgios"]
[Result "1/2-1/2"]
[WhiteTitle "FM"]
[BlackTitle "IM"]
[WhiteElo "2125"]
[BlackElo "2418"]
[WhiteFideId "9997431"]
[BlackFideId "4206827"]
[EventDate "2025.06.24"]

1. c4 g6 2. Nc3 Bg7 3. Nf3 d6 4. g3 Nf6 5. Bg2 O-O 6. O-O Nc6 7. d4 e5 8. e3 Bg4
9. h3 Bxf3 10. Bxf3 Nd7 11. d5 Ne7 12. Bd2 f5 13. Bg2 a5 14. f4 e4 15. Ne2 Nc5
16. Bc3 Bxc3 17. Nxc3 Nd3 18. Qd2 a4 19. Rfd1 c6 20. Bf1 cxd5 21. Bxd3 exd3 22.
Qxd3 dxc4 23. Qxc4+ Rf7 24. Qe6 Ra6 25. Rd2 a3 26. b3 Qa5 27. Rd3 Rc6 28. Nd5
Nxd5 29. Rxd5 Qc3 30. Rad1 Qf6 31. Qxf6 Rxf6 32. Ra5 Re6 33. Rxa3 Rxe3 34. Kf2
Rcc3 35. Rxd6 Rf3+ 36. Ke2 Rxg3 37. Rd7 Rce3+ 38. Kf2 Ref3+ 39. Ke2 Re3+ 40. Kf2
Rgf3+ 41. Kg2 Rg3+ 42. Kf2 1/2-1/2

[Event "Titled Tue 24th Jun Early"]
[Site "chess.com INT"]
[Date "2025.06.24"]
[Round "9"]
[White "Lugo, Blas"]
[Black "Gibala, Adam"]
[Result "1-0"]
[WhiteTitle "IM"]
[BlackTitle "CM"]
[WhiteElo "2399"]
[BlackElo "2245"]
[WhiteFideId "2011263"]
[BlackFideId "21070288"]
[EventDate "2025.06.24"]

1. e4 c6 2. Nf3 d5 3. Nc3 dxe4 4. Nxe4 Nd7 5. Qe2 Ndf6 6. b3 Nxe4 7. Qxe4 Nf6 8.
Qh4 Bf5 9. Bb2 Bxc2 10. d3 Bxd3 11. O-O-O Qa5 12. Bxd3 Qxa2 13. Qa4 Qxa4 14.
bxa4 e6 15. Ne5 Bc5 16. f3 O-O 17. Kb1 Rfd8 18. Bc2 Nd5 19. h4 f6 20. Nd3 Bb6
21. Bb3 Kf7 22. Ne1 Ne3 23. Rxd8 Rxd8 24. g4 Bd4 25. Nc2 Nxc2 26. Kxc2 Bxb2 27.
Kxb2 Rd2+ 28. Kc1 Rd3 29. Bd1 e5 30. Rh2 g6 31. Rd2 Rc3+ 32. Kb2 Re3 33. Rd7+
Ke6 34. Rxh7 f5 35. gxf5+ gxf5 36. h5 e4 37. fxe4 fxe4 38. h6 Re1 39. Bg4+ Kf6
40. Rxb7 Rh1 41. h7 e3 42. Kc2 Kg5 43. Bf3 Kf4 44. Bxh1 1-0

[Event "Titled Tue 24th Jun Early"]
[Site "chess.com INT"]
[Date "2025.06.24"]
[Round "9"]
[White "Keatinge-Clay, Adrian"]
[Black "Skiadopoulos, Nikolaos"]
[Result "1-0"]
[WhiteTitle "FM"]
[BlackTitle "CM"]
[WhiteElo "2232"]
[BlackElo "1882"]
[WhiteFideId "2011867"]
[BlackFideId "4200772"]
[EventDate "2025.06.24"]

1. d4 Nf6 2. c4 c5 3. d5 b5 4. cxb5 a6 5. e3 e6 6. Nc3 axb5 7. Bxb5 Qa5 8. Bd2
Be7 9. Nge2 O-O 10. a4 Qb6 11. e4 exd5 12. exd5 Bb7 13. Bf4 Bd6 14. O-O Bxf4 15.
Nxf4 Qd6 16. Qf3 Na6 17. Rfd1 Nb4 18. h3 Nc2 19. Rac1 Nd4 20. Qg3 Nxb5 21. Nxb5
Qe5 22. b3 d6 23. Nd3 Qxg3 24. fxg3 Bxd5 25. Nf4 Bxb3 26. Rxd6 Bxa4 27. Nc7 Rad8
28. Rxd8 Rxd8 29. Rxc5 h6 30. Kh2 g5 31. Nfd5 Nxd5 32. Nxd5 Bc6 33. Ne3 Be4 34.
Re5 Rd4 35. g4 f6 36. Re7 Bg6 37. Kg3 Kf8 38. Rc7 Rb4 39. Nd5 Rb3+ 40. Kf2 Rb2+
41. Kg3 Be4 42. Ne3 Rb3 43. Kf2 1-0

[Event "Titled Tue 24th Jun Early"]
[Site "chess.com INT"]
[Date "2025.06.24"]
[Round "9"]
[White "Bjerre, Jonas Buhl"]
[Black "Arslanov, Shamil"]
[Result "0-1"]
[WhiteTitle "GM"]
[BlackTitle "IM"]
[WhiteElo "2651"]
[BlackElo "2410"]
[WhiteFideId "1444948"]
[BlackFideId "4192826"]
[EventDate "2025.06.24"]

1. e4 e5 2. Nf3 d5 3. exd5 e4 4. Ne5 Qxd5 5. d4 exd3 6. Nxd3 Nc6 7. Nc3 Qf5 8.
Be2 Be6 9. Nf4 Rd8 10. Bd3 Qe5+ 11. Be3 Bc5 12. Nxe6 Qxe6 13. O-O Bxe3 14. Re1
Nge7 15. Rxe3 Qd6 16. Qh5 g6 17. Qh6 Kd7 18. Qg7 Kc8 19. Qxf7 Kb8 20. Rae1 Rhf8
21. Qe6 Qb4 22. Qb3 Qh4 23. g3 Qf6 24. Ne4 Qe5 25. Bf1 Nd4 26. Qa4 Nd5 27. Rd3
Nf3+ 28. Rxf3 Rxf3 29. Bg2 Rff8 30. f4 Qe7 31. c3 Nf6 32. Qb3 c6 33. Re2 Nxe4
34. Bxe4 Rfe8 35. Kg2 Qc5 36. Qc2 Re7 37. Rd2 Rxd2+ 38. Qxd2 Kc7 39. Bf3 Qe3 40.
Qc2 Rd7 0-1

[Event "Titled Tue 24th Jun Early"]
[Site "chess.com INT"]
[Date "2025.06.24"]
[Round "9"]
[White "Skliarov, Viktor"]
[Black "Pavlidou, Ekaterini"]
[Result "1-0"]
[WhiteTitle "IM"]
[BlackTitle "WIM"]
[WhiteElo "2334"]
[BlackElo "2198"]
[WhiteFideId "14106736"]
[BlackFideId "4213262"]
[EventDate "2025.06.24"]

1. e4 c5 2. Nf3 Nc6 3. Bb5 e6 4. Bxc6 bxc6 5. d3 d6 6. e5 Qc7 7. exd6 Bxd6 8.
O-O Ne7 9. Nbd2 Nf5 10. Ne4 Be7 11. b3 O-O 12. a4 Rb8 13. Ba3 c4 14. Bxe7 Qxe7
15. bxc4 c5 16. Qd2 Bb7 17. Qf4 Bc6 18. a5 Rb2 19. c3 Rfb8 20. h3 h6 21. Qe5
Bxe4 22. Qxe4 Qf6 23. Ne5 Nd6 24. Qe3 Qf5 25. Qxc5 Nb7 26. Qc7 Nd8 27. d4 R2b7
28. Qd6 f6 29. Nd7 Nf7 30. Qxb8+ Rxb8 31. Nxb8 Nd6 32. c5 Nb5 33. c6 Qd5 34. c4
Qxc4 35. Rfc1 Qxd4 36. Na6 Qd6 37. c7 Nxc7 38. Nxc7 e5 39. a6 Kh7 40. Nb5 Qd5
41. Nxa7 e4 42. Nc6 e3 43. fxe3 Qd2 44. a7 Qxe3+ 45. Kh1 f5 46. a8=Q f4 47. Ne5 1-0

[Event "Titled Tue 24th Jun Early"]
[Site "chess.com INT"]
[Date "2025.06.24"]
[Round "9"]
[White "Estrada Nieto, Julian"]
[Black "Fizer, Marek"]
[Result "1-0"]
[WhiteTitle "IM"]
[BlackTitle "CM"]
[WhiteElo "2181"]
[BlackElo "2186"]
[WhiteFideId "5101018"]
[BlackFideId "391980"]
[EventDate "2025.06.24"]

1. d4 d5 2. Nf3 Nf6 3. Bf4 c5 4. e3 Nc6 5. Nbd2 Qb6 6. dxc5 Qxb2 7. Rb1 Qc3 8.
Bb5 Qxc5 9. O-O g6 10. Ne5 Bd7 11. Nxd7 Nxd7 12. Qe2 Bg7 13. Nb3 Qc3 14. Rfd1 a6
15. Bd3 O-O 16. e4 e5 17. Bd2 Nd4 18. Bxc3 Nxe2+ 19. Bxe2 d4 20. Bb4 Rac8 21. c3
Nb6 22. Bxf8 dxc3 23. Bxg7 c2 24. Bxe5 cxb1=Q 25. Rxb1 Rc2 26. Rd1 Kf8 27. Bf6
Rc8 28. Bg4 Re8 29. e5 h5 30. Bf3 Nc4 31. Bxb7 Nxe5 32. Bxe5 Rxe5 33. Bxa6 Ke7
34. Bc4 Re4 35. Nd2 Rd4 36. a4 Kd6 37. Ne4+ Ke5 38. Rxd4 Kxd4 39. Bxf7 Kxe4 40.
Bxg6+ Kd4 41. Bxh5 Kc5 42. Bd1 Kb4 43. h4 Ka5 44. h5 Kb4 45. h6 Ka5 46. h7 Kb4
47. h8=Q Ka5 48. Qc3+ Kb6 49. Qc4 Ka5 50. Qb5# 1-0

[Event "Titled Tue 24th Jun Early"]
[Site "chess.com INT"]
[Date "2025.06.24"]
[Round "9"]
[White "Guliev, Gasan"]
[Black "Aaradhya Das"]
[Result "1-0"]
[WhiteTitle "CM"]
[BlackTitle "WCM"]
[WhiteElo "2123"]
[BlackElo "1786"]
[WhiteFideId "34165638"]
[BlackFideId "33361436"]
[EventDate "2025.06.24"]

1. c4 e6 2. d4 d5 3. Nf3 Nf6 4. Nc3 Be7 5. Bf4 O-O 6. e3 a6 7. Rc1 dxc4 8. Bxc4
b5 9. Be2 Bb7 10. O-O Nbd7 11. h3 Rc8 12. Ne5 c5 13. Nxd7 Nxd7 14. dxc5 Nxc5 15.
Bf3 Bxf3 16. Qxf3 Qb6 17. Rfd1 b4 18. Ne4 Nxe4 19. Qxe4 Qa5 20. Rxc8 Rxc8 21.
Qb7 Re8 22. Qc6 Rf8 23. Qc4 h6 24. Bc7 Qh5 25. Qg4 Qb5 26. Bf4 Kh7 27. b3 Rc8
28. Bg3 Bf6 29. Qe4+ Kg8 30. Kh2 Qc6 31. Qxb4 Qc2 32. Rd2 Qc1 33. Qb7 Rc3 34.
Qa8+ Kh7 35. Qe4+ Kg8 36. Rd7 Qc2 37. Qb7 1-0

[Event "Titled Tue 24th Jun Early"]
[Site "chess.com INT"]
[Date "2025.06.24"]
[Round "9"]
[White "Li, Hui"]
[Black "Warchol, Kamil"]
[Result "0-1"]
[WhiteTitle "CM"]
[BlackTitle "FM"]
[WhiteElo "2041"]
[BlackElo "2113"]
[WhiteFideId "15400310"]
[BlackFideId "21858241"]
[EventDate "2025.06.24"]

1. e4 c6 2. d4 d5 3. Nd2 dxe4 4. Nxe4 Nf6 5. Nxf6+ exf6 6. c3 Bd6 7. Bd3 O-O 8.
Qc2 Re8+ 9. Ne2 h5 10. O-O Nd7 11. Bf4 Qc7 12. Bxd6 Qxd6 13. Rfe1 Nf8 14. Ng3
Rxe1+ 15. Rxe1 h4 16. Nf5 Bxf5 17. Bxf5 g6 18. Bd3 Rd8 19. Qe2 c5 20. g3 cxd4
21. cxd4 Qxd4 22. Bc2 hxg3 23. hxg3 Qxb2 24. Bb3 Qxe2 25. Rxe2 Rd7 26. Re8 Kg7
27. Kg2 Nh7 28. f4 f5 29. Ra8 b6 30. Rc8 Nf6 31. Rc2 Ne4 32. Kh3 Nc5 33. g4 Nxb3
34. axb3 Rd3+ 35. Kh4 fxg4 36. Kxg4 Rxb3 37. Rc7 a5 38. Ra7 Rb4 39. Kg5 a4 40.
f5 gxf5 41. Kxf5 b5 42. Ke5 Rb3 43. Kd4 a3 44. Kc5 b4 45. Kc4 Rb2 46. Re7 a2 0-1

[Event "Titled Tue 24th Jun Early"]
[Site "chess.com INT"]
[Date "2025.06.24"]
[Round "9"]
[White "Gasparyan, Erik R."]
[Black "Bluebaum, Matthias"]
[Result "1-0"]
[WhiteTitle "IM"]
[BlackTitle "GM"]
[WhiteElo "2372"]
[BlackElo "2663"]
[WhiteFideId "13315730"]
[BlackFideId "24651516"]
[EventDate "2025.06.24"]

1. Nf3 d5 2. g3 e6 3. Bg2 Nf6 4. O-O Bd6 5. d4 O-O 6. b3 Nc6 7. Bb2 b5 8. Nbd2
a5 9. c4 bxc4 10. bxc4 Rb8 11. Rb1 Ba6 12. c5 Be7 13. Re1 Qd7 14. Bc3 Rxb1 15.
Qxb1 Rb8 16. Qc2 Nb4 17. Bxb4 Rxb4 18. e3 Qa4 19. Rc1 Qxc2 20. Rxc2 Ne4 21. Bf1
Nxd2 22. Nxd2 Bb7 23. a3 Ra4 24. Ra2 Bc6 25. Be2 e5 26. Bd1 exd4 27. Bxa4 Bxa4
28. exd4 Bf6 29. Nf3 Bb3 30. Rb2 a4 31. Kf1 g5 32. Ke2 Kg7 33. Kd3 Bc4+ 34. Kc3
c6 35. Ne5 Bb5 36. Nd7 Bd8 37. Nb6 f5 38. Nxd5 Ba5+ 39. Kc2 Kf7 40. Nc3 Bc4 41.
Rb7+ Ke6 42. Ra7 Bd8 43. Rxa4 Bf1 44. Ra7 Bf6 45. Rc7 Bxd4 46. Rxc6+ Ke5 47. Rc8
Bxf2 48. c6 Kd6 49. c7 Kd7 50. Rf8 Kxc7 51. Rxf5 1-0

[Event "Titled Tue 24th Jun Early"]
[Site "chess.com INT"]
[Date "2025.06.24"]
[Round "9"]
[White "Klukin, Kirill"]
[Black "Dudzinski, Piotr"]
[Result "1/2-1/2"]
[WhiteTitle "IM"]
[BlackTitle "FM"]
[WhiteElo "2401"]
[BlackElo "2335"]
[WhiteFideId "24199273"]
[BlackFideId "1119362"]
[EventDate "2025.06.24"]

1. d4 e6 2. Nf3 d5 3. c4 c6 4. Nc3 dxc4 5. e3 b5 6. a4 Bb4 7. Bd2 a5 8. axb5
Bxc3 9. Bxc3 cxb5 10. b3 Bb7 11. bxc4 b4 12. Bb2 Nf6 13. Bd3 Ne4 14. O-O O-O 15.
Qc2 f5 16. Rfd1 Nd7 17. c5 Bc6 18. Bc4 Qe7 19. Bb3 Kh8 20. Ne1 Nef6 21. Nd3 Nd5
22. Ba4 Bxa4 23. Rxa4 Rfc8 24. Rda1 Qd8 25. h3 Ra7 26. Qb3 Rca8 27. Rc1 Qc7 28.
Ne1 Qc6 29. Nf3 h6 30. Nd2 Ra6 31. Nc4 Qb5 32. Nd6 Qc6 33. Rca1 Kh7 34. Nc4 Qb5
35. f3 N7f6 36. Re1 Rd8 37. e4 fxe4 38. fxe4 Nf4 39. Kh2 Qb8 40. Nd6 Ng6 41.
Qxe6 Raxd6 42. cxd6 Rxd6 43. Qa2 Rxd4+ 44. Kh1 Rd2 45. Qb3 Nh5 46. Bc1 Ng3+ 47.
Kg1 Ne2+ 48. Kh1 Ng3+ 49. Kg1 Ne2+ 50. Kh1 Ng3+ 1/2-1/2

[Event "Titled Tue 24th Jun Early"]
[Site "chess.com INT"]
[Date "2025.06.24"]
[Round "9"]
[White "Tregubov, Pavel V."]
[Black "Yushko, Olga"]
[Result "1-0"]
[WhiteTitle "GM"]
[BlackTitle "WFM"]
[WhiteElo "2550"]
[BlackElo "2033"]
[WhiteFideId "4115341"]
[BlackFideId "14114500"]
[EventDate "2025.06.24"]

1. e4 Nf6 2. e5 Nd5 3. d4 d6 4. Nf3 Bg4 5. h3 Bxf3 6. Qxf3 c6 7. Bc4 dxe5 8.
dxe5 e6 9. O-O Be7 10. Qg3 g6 11. Bh6 Nd7 12. Nd2 Qc7 13. Rfe1 O-O-O 14. Bf1 Nb4
15. Qb3 Rhg8 16. a3 Nd5 17. c4 N5b6 18. Bf4 Nc5 19. Qc2 g5 20. Bg3 h5 21. b4
Ncd7 22. Ne4 Nxe5 23. Qc3 Nbd7 24. c5 h4 25. Nd6+ Bxd6 26. cxd6 Qxd6 27. Bxe5
Nxe5 28. Qxe5 Qe7 29. b5 Rd5 30. Qc3 g4 31. bxc6 gxh3 32. cxb7+ Kb8 33. Qxh3
Rdg5 34. Rac1 f5 35. Rc8+ Rxc8 36. bxc8=Q+ Kxc8 37. Rc1+ Kd8 38. Bb5 Qb7 39. Bc6
Qb2 40. Rd1+ Kc7 41. Qxh4 Rg4 42. Qd8+ Kxc6 43. Qc8+ Kb5 44. Qb7+ Ka4 45. Qxb2
Ka5 46. f3 1-0

[Event "Titled Tue 24th Jun Early"]
[Site "chess.com INT"]
[Date "2025.06.24"]
[Round "9"]
[White "Mizzi, Jack"]
[Black "Smietanska, Wiktoria"]
[Result "1-0"]
[WhiteTitle "CM"]
[BlackTitle "CM"]
[WhiteElo "2107"]
[BlackElo "2238"]
[WhiteFideId "5602521"]
[BlackFideId "21869359"]
[EventDate "2025.06.24"]

1. d4 Nf6 2. c4 g6 3. Nf3 Bg7 4. g3 O-O 5. Bg2 d6 6. O-O Nc6 7. Nc3 Bg4 8. h3
Bxf3 9. Bxf3 e5 10. d5 Ne7 11. e4 Ne8 12. g4 f5 13. gxf5 gxf5 14. exf5 Nxf5 15.
Ne4 Nd4 16. Bg2 Nf6 17. Ng5 Qe8 18. f4 h6 19. Ne6 Nxe6 20. dxe6 Qxe6 21. Bxb7
Rab8 22. Bg2 e4 23. b3 Nh5 24. Rb1 Ng3 25. Re1 c5 26. Qg4 Qxg4 27. hxg4 Bc3 28.
Re3 Bd4 29. Kf2 Rxf4+ 30. Kxg3 Bxe3 31. Bxe3 Rf6 32. Bxe4 Re8 33. Bd5+ Kg7 34.
Bd2 Re2 35. Rd1 Rf8 36. Bc3+ Kg6 37. Rd3 Rfe8 38. Bf3 R2e3 39. Rxd6+ Kh7 40. Bd2
R3e6 41. Rxe6 Rxe6 42. Kf2 Kg6 43. Bd5 Rf6+ 44. Ke2 h5 45. gxh5+ Kxh5 46. Be3
Ra6 47. a4 Rb6 48. Bxc5 Rxb3 49. Bxa7 Ra3 50. Bc6 Rc3 51. Bb5 Kg6 52. a5 Kf7 53.
a6 Ra3 54. Bc5 Ke6 55. Bxa3 1-0

[Event "Titled Tue 24th Jun Early"]
[Site "chess.com INT"]
[Date "2025.06.24"]
[Round "9"]
[White "Emeliantsev, Anatoliy"]
[Black "Krzywda, Andrzej"]
[Result "1-0"]
[WhiteTitle "FM"]
[BlackTitle "CM"]
[WhiteElo "2359"]
[BlackElo "2175"]
[WhiteFideId "4160681"]
[BlackFideId "1114565"]
[EventDate "2025.06.24"]

1. d4 Nf6 2. c4 c5 3. d5 b5 4. cxb5 a6 5. b6 e6 6. dxe6 fxe6 7. Nc3 d5 8. e4 d4
9. e5 dxc3 10. Qxd8+ Kxd8 11. exf6 Nd7 12. bxc3 gxf6 13. a4 Nxb6 14. c4 Bd7 15.
a5 Na4 16. Be2 Bc6 17. Bf3 Bxf3 18. Nxf3 Nc3 19. Bb2 Ne4 20. O-O Ke7 21. Rfe1
Nd6 22. Ng5 e5 23. Rad1 Nxc4 24. Ba1 Bh6 25. Ne4 Rac8 26. g3 Nxa5 27. f4 Nc4 28.
Rc1 Nd6 29. Rxc5 Rxc5 30. Nxc5 Rc8 31. fxe5 fxe5 32. Bxe5 Rc6 33. Bd4+ Kf7 34.
Ne6 Nf5 35. Nd8+ Kg6 36. Nxc6 a5 37. Be5 a4 38. Bf4 Bf8 39. Ne5+ Kh5 40. Ra1 1-0

[Event "Titled Tue 24th Jun Early"]
[Site "chess.com INT"]
[Date "2025.06.24"]
[Round "9"]
[White "Nikulina, Alena"]
[Black "Yanev, Tihomir"]
[Result "0-1"]
[WhiteTitle "WFM"]
[BlackTitle "IM"]
[WhiteElo "1875"]
[BlackElo "2354"]
[WhiteFideId "4172051"]
[BlackFideId "2910110"]
[EventDate "2025.06.24"]

1. e4 d6 2. d4 Nf6 3. Nc3 Nbd7 4. Be3 e5 5. Nf3 Be7 6. Qd2 O-O 7. Bc4 c6 8. a4
b6 9. O-O a6 10. Rfd1 Bb7 11. h3 b5 12. axb5 axb5 13. Rxa8 Qxa8 14. Bb3 b4 15.
Ne2 Nxe4 16. Qxb4 exd4 17. Qxd4 c5 18. Qd3 Ndf6 19. Nc3 Nxc3 20. Qxc3 Bxf3 21.
gxf3 Qxf3 22. Rd3 Qxh3 23. Bf4 Qg4+ 24. Bg3 h5 25. Qe1 Re8 26. Re3 Kf8 27. Kf1
Qh3+ 28. Ke2 Ng4 29. Re4 Qg2 30. Kd1 Qf3+ 31. Kc1 Ra8 32. Kb1 Ne5 33. Bxe5 dxe5
34. Rxe5 Bf6 35. Rxc5 Rd8 36. c3 Kg8 37. Rc4 h4 38. Re4 h3 39. Re3 Qf5+ 40. Kc1
Bg5 41. Bc2 Bxe3+ 42. fxe3 Qf3 43. Bd3 h2 44. Bf1 h1=Q 0-1

[Event "Titled Tue 24th Jun Early"]
[Site "chess.com INT"]
[Date "2025.06.24"]
[Round "9"]
[White "Mangialardo, Tiago Carvalho"]
[Black "Tiitta, Sauli"]
[Result "0-1"]
[WhiteElo "1979"]
[BlackElo "2157"]
[WhiteFideId "2130718"]
[BlackFideId "502251"]
[EventDate "2025.06.24"]

1. e4 g5 2. d4 h6 3. h4 g4 4. Qxg4 d5 5. Qe2 dxe4 6. Qxe4 Nf6 7. Qd3 Nc6 8. Nf3
Bg4 9. c3 Qd7 10. Ne5 Nxe5 11. dxe5 Qxd3 12. Bxd3 O-O-O 13. Be2 Bxe2 14. Kxe2
Ng4 15. f4 e6 16. Nd2 Bc5 17. Ne4 Bb6 18. h5 Rhg8 19. a4 a5 20. Rh3 Rd5 21. Rg3
Rdd8 22. b3 Kb8 23. Ba3 Nxe5 24. Rxg8 Rxg8 25. fxe5 Rxg2+ 26. Kf3 Rh2 27. Ng3
Rf2+ 28. Kg4 Be3 29. Rd1 Rc2 30. Rd3 Bg5 31. Bc5 b6 32. Be3 Bxe3 33. Rxe3 Kb7
34. Ne4 Kc6 35. Nf6 b5 36. Ng8 bxa4 37. bxa4 Ra2 38. Re4 Ra3 39. Rc4+ Kd5 40.
Rxc7 Kxe5 41. Nxh6 f5+ 42. Kg5 Rxa4 43. Nf7+ Ke4 44. h6 Ra1 45. h7 Rg1+ 46. Kf6
Rh1 47. Kg7 Rxh7+ 48. Kxh7 f4 49. Kg6 f3 50. Re7 Kd5 0-1

[Event "Titled Tue 24th Jun Early"]
[Site "chess.com INT"]
[Date "2025.06.24"]
[Round "9"]
[White "Maghsoodloo, Parham"]
[Black "Ter-Sahakyan, Samvel"]
[Result "1-0"]
[WhiteTitle "GM"]
[BlackTitle "GM"]
[WhiteElo "2691"]
[BlackElo "2611"]
[WhiteFideId "12539929"]
[BlackFideId "13302531"]
[EventDate "2025.06.24"]

1. d4 d5 2. c4 e6 3. Nc3 dxc4 4. Nf3 a6 5. a4 Nc6 6. e4 Na5 7. Bg5 Be7 8. h4 Nf6
9. Qc2 Bd7 10. Rd1 h6 11. Bxf6 Bxf6 12. e5 Be7 13. d5 Qc8 14. Nd4 Rb8 15. Be2 b5
16. axb5 axb5 17. Bg4 O-O 18. dxe6 fxe6 19. Qg6 Rb6 20. O-O Qe8 21. h5 Bc5 22.
Nf3 Nb3 23. Ne4 Qxg6 24. hxg6 Be8 25. Bh5 Be7 26. Rfe1 Bc6 27. Ng3 Bd5 28. Bg4
Bb4 29. Re3 Bc5 30. Re2 Rf4 31. Bh3 Nd4 32. Nxd4 Rxd4 33. Rde1 Be7 34. Ne4 Ra6
35. Nc3 Bb4 36. Nxb5 Bxe1 37. Nxd4 Ra1 38. Kh2 Kf8 39. Bxe6 1-0

[Event "Titled Tue 24th Jun Early"]
[Site "chess.com INT"]
[Date "2025.06.24"]
[Round "9"]
[White "Saiz Rodriguez, Daniel Evelio"]
[Black "Gruzman, Ilya"]
[Result "1-0"]
[WhiteTitle "FM"]
[BlackTitle "CM"]
[WhiteElo "2187"]
[BlackElo "2165"]
[WhiteFideId "3523420"]
[BlackFideId "2812703"]
[EventDate "2025.06.24"]

1. c4 c6 2. e4 d5 3. exd5 cxd5 4. d4 Nf6 5. Nc3 Nc6 6. Nf3 a6 7. cxd5 Nxd5 8.
Bc4 Be6 9. Bb3 g6 10. O-O Nxc3 11. bxc3 Bxb3 12. axb3 Bg7 13. Re1 O-O 14. Bg5
Qd6 15. d5 Ne5 16. Bf4 Nxf3+ 17. Qxf3 Qc5 18. Rac1 Rfd8 19. c4 Rd7 20. h4 a5 21.
Bd2 Ra6 22. h5 Rf6 23. Qe3 Qxe3 24. Bxe3 gxh5 25. Rcd1 Rf5 26. Bc5 Bf6 27. Bb6
Bc3 28. Re3 Bb4 29. Rg3+ Kf8 30. Ra1 Rd6 31. Be3 Ke8 32. Rg8+ Kd7 33. Rg7 Rg6
34. Rxh7 e6 35. dxe6+ Kxe6 36. Rd1 b5 37. cxb5 Rxb5 38. Rh8 Be7 39. Re8 Rxb3 40.
Bc5 Rb7 41. Bxe7 Rxe7 42. Re1+ 1-0

[Event "Titled Tue 24th Jun Early"]
[Site "chess.com INT"]
[Date "2025.06.24"]
[Round "9"]
[White "Hernandez Jimenez, Alexander Andres"]
[Black "Oatlhotse, Providence"]
[Result "0-1"]
[WhiteTitle "FM"]
[BlackTitle "IM"]
[WhiteElo "2069"]
[BlackElo "2241"]
[WhiteFideId "3900452"]
[BlackFideId "11300507"]
[EventDate "2025.06.24"]

1. e4 c5 2. Nf3 e6 3. c3 Nf6 4. e5 Nd5 5. d4 cxd4 6. Bc4 Nb6 7. Bb3 dxc3 8. Nxc3
d5 9. O-O Be7 10. Be3 Nc6 11. Rc1 O-O 12. Qe2 Bd7 13. Rfd1 Qb8 14. Bf4 Rc8 15.
a3 Na5 16. Bc2 Nac4 17. Bb1 a6 18. Qc2 g6 19. h4 Be8 20. h5 Nd7 21. hxg6 hxg6
22. Qe2 Qa7 23. g3 b5 24. Kg2 Qb7 25. Rh1 a5 26. Rh2 Bf8 27. Rch1 Bg7 28. Nd4
Ndxe5 29. Rh7 Bf6 30. Bxe5 Nxe5 31. Nxe6 d4+ 32. Ne4 Bc6 33. Kg1 Bxe4 34. Bxe4
Rc1+ 35. Kg2 Rxh1 36. Rxh1 Qb8 37. Nxd4 Ra7 38. f4 Nc4 39. Nc6 Qb6 40. Nxa7 Qxa7
41. Qd3 Kg7 42. Bd5 Ne3+ 43. Kf3 Nxd5 44. Qxd5 Qe7 0-1